| 000 | 00764 a2200181 4500 | ||
|---|---|---|---|
| 999 |
_c1506 _d1506 |
||
| 020 | _a0273646737 (pbk.) | ||
| 050 | 0 | 0 | _aHF5616.BLA2001 |
| 100 | 1 |
_aBlake, John, _d1950- |
|
| 245 | 1 | 0 |
_aAccounting standards / _cJohn Blake and Henry Lunt. |
| 250 | _a7th ed. | ||
| 264 |
_aHarlow: _bPrentice hall., _c2001 |
||
| 300 |
_axiv, 384 p. : _bill. ; |
||
| 500 | _aIncludes index. | ||
| 650 | 0 |
_aAccounting _xStandards |
|
| 700 | 1 |
_aLunt, Henry, _d1948- |
|
| 942 |
_2lcc _cBK _e7th _h5616 _iBLA _kHF |
||